000 01681cam a22003611i 4500
003 SA-RiAUC
005 20251010164147.0
008 251010s1994 su f 00010 ara c
040 _aSA-RiAUC
_bara
_cSA-RiAUC
_erda
082 0 4 _a251.12
_qSA-RiAUC
090 _a251.12
_bب غ و
100 1 _aالبغوي، الحسين بن مسعود بن محمد،
_d436-510 هجري
_eمؤلف.
245 1 2 _aالمدخل إلى شرح السنة /
_cالبغوي ؛ إعداد علي بن عمر بن أحمد بادحدح.
246 3 0 _aشرح السنة
250 _aالطبعة الأولى.
264 1 _aجدة، السعودية :
_bدار الأندلس الخضراء للنشر و التوزيع،
_c1994.
300 _a2 مجلد ؛
_c24 سم.
336 _aنص
_btxt
_2rdacontent
_3كتاب
337 _aبدون وسيط
_bn
_2rdamedia
338 _aمجلد
_bnc
_2rdacarrier
490 0 _aسلسلة الرسائل الجامعية؛
_v1.
500 _aالأصل أطروحة (ماجستير)-جامعة أم القرى، كلية الدعوة وأصول الدين، قسم الكتاب والسنة، 1994.
500 _aالأصل : أطروحة ماجستير.
600 1 7 _aالبغوي، الحسين بن مسعود بن محمد،
_d436-510 هجري
_2aucnm
650 7 _aالسنة
_2aucsh
650 7 _aالحديث
_xجمع وتدوين
_2aucsh
650 7 _aاللغة العربية
_vمعاجم
_2aucsh
650 7 _aالحديث
_xرواية
_2aucsh
650 7 _aالحديث
_xأحكام
_2aucsh
700 1 _aبادحدح، علي عمر أحمد،
_d1381 هجري-
_eمعد.
942 _2ddc
_cBOOK
949 _aSA-JeALM
_d251010
_ukhaled123
_n1
999 _c12488
_d12488